[Event "SVK-ch U16"]
[Site "Liptovsky Mikulas"]
[Date "2018.04.24"]
[Round "6"]
[White "Pogadl, Jakub"]
[Black "Sivicek, Filip"]
[Result "1-0"]
[WhiteElo "1632"]
[BlackElo "1310"]
[PlyCount "77"]
[EventDate "2018.04.21"]
[EventType "swiss"]
[EventRounds "9"]
[EventCountry "SVK"]
[SourceTitle "CBM 184 Extra"]
[Source "ChessBase"]
[SourceDate "2018.06.28"]
[SourceVersion "1"]
[SourceVersionDate "2018.06.28"]
[SourceQuality "1"]

1. c4 Nf6 2. g3 g6 3. Bg2 Bg7 4. e3 Nc6 5. Ne2 d6 6. 0-0 0-0 7. Nbc3 Bd7 8. d4 e6 9. e4 Re8 10. Bg5 h6 11. Be3 a6 12. Qd2 Kh7 13. h3 Qe7 14. g4 e5 15. d5 Na7 16. Ng3 g5 17. Nf5 Bxf5 18. gxf5 Nd7 19. Ne2 b6 20. Ng3 Nc5 21. Nh5 f6 22. b4 Nb7 23. Rfc1 Bf8 24. Rc3 a5 25. a3 Nc8 26. Rac1 axb4 27. axb4 Qd8 28. Bf1 Ra4 29. Qb2 Be7 30. Ra3 Rxa3 31. Qxa3 Qd7 32. Qa6 Nd8 33. c5 bxc5 34. bxc5 c6 35. cxd6 Qxd6 36. Qxc8 cxd5 37. Bc5 Qc6 38. Qxc6 Nxc6 39. Bxe7 1-0

[Event "SVK-ch U14"]
[Site "Liptovsky Mikulas"]
[Date "2017.04.28"]
[Round "9"]
[White "Pogadl, Jakub"]
[Black "Gzib, David"]
[Result "1/2-1/2"]
[WhiteElo "1531"]
[BlackElo "1864"]
[PlyCount "59"]
[EventDate "2017.04.22"]
[EventType "swiss"]
[EventRounds "9"]
[EventCountry "SVK"]
[SourceTitle "CBM 178 Extra"]
[Source "ChessBase"]
[SourceDate "2017.06.22"]
[SourceVersion "1"]
[SourceVersionDate "2017.06.22"]
[SourceQuality "1"]

1. c4 Nf6 2. Nc3 g6 3. g3 Bg7 4. Bg2 d6 5. e3 0-0 6. Nge2 c5 7. 0-0 Nc6 8. b3 Bd7 9. Bb2 Qc8 10. Re1 a6 11. d4 Bh3 12. Bh1 Qc7 13. Nf4 Bg4 14. Qd2 Rfd8 15. Ncd5 Nxd5 16. Nxd5 Qb8 17. dxc5 Bxb2 18. Qxb2 dxc5 19. f3 Be6 20. Rad1 Bxd5 21. cxd5 Qe5 22. Qxe5 Nxe5 23. f4 Ng4 24. Rc1 Rac8 25. Bf3 Nf6 26. Red1 b6 27. e4 Ne8 28. a4 Rc7 29. Be2 Nf6 30. Bf3 1/2-1/2

[Event "SVK-ch U14"]
[Site "Liptovsky Mikulas"]
[Date "2017.04.22"]
[Round "1"]
[White "Gyerpal, Adrian"]
[Black "Pogadl, Jakub"]
[Result "1-0"]
[WhiteElo "1909"]
[BlackElo "1531"]
[PlyCount "133"]
[EventDate "2017.04.22"]
[EventType "swiss"]
[EventRounds "9"]
[EventCountry "SVK"]
[SourceTitle "CBM 178 Extra"]
[Source "ChessBase"]
[SourceDate "2017.06.22"]
[SourceVersion "1"]
[SourceVersionDate "2017.06.22"]
[SourceQuality "1"]

1. d4 Nf6 2. c4 g6 3. Nf3 Bg7 4. g3 0-0 5. Bg2 d6 6. 0-0 Nbd7 7. Nc3 c5 8. h3 e5 9. dxc5 Nxc5 10. Be3 Ne6 11. Nb5 Ne8 12. Nxa7 e4 13. Nd4 f5 14. Nab5 d5 15. cxd5 Qxd5 16. Nc3 Qc4 17. Nxe6 Bxe6 18. Rc1 Nc7 19. a3 Rfd8 20. Qc2 Bxc3 21. Qxc3 Qxc3 22. Rxc3 Nd5 23. Rb3 Nxe3 24. Rxe3 Rd2 25. f3 Rxb2 26. fxe4 fxe4 27. Rxe4 Bd5 28. Re3 Bxg2 29. Kxg2 Ra2 30. Rb1 Rb8 31. Re7 Rxa3 32. Rbxb7 Rxb7 33. Rxb7 Re3 34. Kf2 Re6 35. Kf3 Rf6+ 36. Kg2 Re6 37. Kf2 Rf6+ 38. Ke1 Re6 39. Rd7 h6 40. Kd2 Kf8 41. e3 Ke8 42. Rh7 h5 43. Kd3 Rd6+ 44. Ke4 Re6+ 45. Kd4 Rd6+ 46. Ke5 Rd3 47. Kf4 Rd6 48. e4 Rf6+ 49. Ke3 Kf8 50. e5 Rf1 51. h4 Re1+ 52. Kf4 Rg1 53. Ra7 Kg8 54. Ra3 Kf7 55. Kg5 Re1 56. Ra7+ Ke8 57. Kf6 Re3 58. Rg7 Rxg3 59. Rxg6 Rh3 60. Rg8+ Kd7 61. e6+ Kd6 62. Rd8+ Kc7 63. e7 Rf3+ 64. Kg5 Re3 65. e8Q Rxe8 66. Rxe8 Kd7 67. Re1 1-0

[Event "Liptovsky Mikulas V4 U15 op"]
[Site "Liptovsky Mikulas"]
[Date "2016.06.26"]
[Round "9"]
[White "Pogadl, Jakub"]
[Black "Oplustil, David"]
[Result "1/2-1/2"]
[WhiteElo "1382"]
[BlackElo "1624"]
[PlyCount "39"]
[EventDate "2016.06.22"]
[EventType "swiss"]
[EventRounds "9"]
[EventCountry "SVK"]
[SourceTitle "CBM 173 Extra"]
[Source "ChessBase"]
[SourceDate "2016.08.29"]
[SourceVersion "1"]
[SourceVersionDate "2016.08.29"]
[SourceQuality "1"]

1. c4 c5 2. Nc3 Nc6 3. g3 Nf6 4. Bg2 g6 5. Nf3 Bg7 6. 0-0 0-0 7. d4 cxd4 8. Nxd4 Qb6 9. Nb3 d6 10. Be3 Qc7 11. Nb5 Qd8 12. Qd2 Ng4 13. Bd4 Nxd4 14. N5xd4 Qb6 15. Rfd1 e5 16. h3 Nxf2 17. Kxf2 exd4 18. Nxd4 Bd7 19. Kf1 Rfe8 20. Rac1 1/2-1/2

[Event "Liptovsky Mikulas V4 U15 op"]
[Site "Liptovsky Mikulas"]
[Date "2016.06.23"]
[Round "5"]
[White "Zahorcek, Jakub"]
[Black "Pogadl, Jakub"]
[Result "1/2-1/2"]
[WhiteElo "1509"]
[BlackElo "1382"]
[PlyCount "86"]
[EventDate "2016.06.22"]
[EventType "swiss"]
[EventRounds "9"]
[EventCountry "SVK"]
[SourceTitle "CBM 173 Extra"]
[Source "ChessBase"]
[SourceDate "2016.08.29"]
[SourceVersion "1"]
[SourceVersionDate "2016.08.29"]
[SourceQuality "1"]

1. e4 c5 2. Nf3 Nc6 3. Bb5 e6 4. Bxc6 bxc6 5. 0-0 d5 6. d3 Bd6 7. Re1 Ne7 8. Nc3 d4 9. Ne2 e5 10. h3 0-0 11. Ng3 Rb8 12. b3 Ng6 13. Nf5 Bc7 14. Ng3 Nh4 15. Nxh4 Qxh4 16. Qh5 Qxh5 17. Nxh5 Be6 18. Ng3 Ba5 19. Re2 Bc3 20. Rb1 c4 21. Ba3 Bb4 22. Bxb4 Rxb4 23. Rc1 cxd3 24. cxd3 Rc8 25. Rec2 Rb6 26. Nf1 Kf8 27. Nd2 Ke7 28. Nc4 Bxc4 29. Rxc4 Kd6 30. g3 Ra6 31. R1c2 c5 32. f4 exf4 33. gxf4 Rac6 34. Kf2 Ke6 35. Kf3 f5 36. e5 Kd5 37. h4 Rh6 38. Rh2 Rc7 39. b4 Rhc6 40. b5 Rh6 41. a4 Rc8 42. Kg3 Rg6+ 43. Kf3 Rh6 1/2-1/2

[Event "Liptovsky Mikulas V4 U15 op"]
[Site "Liptovsky Mikulas"]
[Date "2016.06.22"]
[Round "1"]
[White "Pogadl, Jakub"]
[Black "Malinowska, Maja"]
[Result "1-0"]
[WhiteElo "1382"]
[BlackElo "1000"]
[PlyCount "81"]
[EventDate "2016.06.22"]
[EventType "swiss"]
[EventRounds "9"]
[EventCountry "SVK"]
[SourceTitle "CBM 173 Extra"]
[Source "ChessBase"]
[SourceDate "2016.08.29"]
[SourceVersion "1"]
[SourceVersionDate "2016.08.29"]
[SourceQuality "1"]

1. c4 e5 2. e3 Nc6 3. g3 Nf6 4. Bg2 d6 5. Ne2 Be7 6. Nbc3 Nb4 7. Qa4+ Nc6 8. Bxc6+ bxc6 9. Qxc6+ Bd7 10. Qg2 Rb8 11. d4 exd4 12. Nxd4 c5 13. Nc6 Bxc6 14. Qxc6+ Nd7 15. Nd5 Rc8 16. Qa4 a5 17. Bd2 Ra8 18. 0-0 0-0 19. Rab1 Bf6 20. Qc6 Ne5 21. Nxf6+ Qxf6 22. Qd5 Rfe8 23. Bc3 Qf5 24. f4 Qh5 25. fxe5 dxe5 26. Qf3 Qg6 27. Bxe5 Ra6 28. Qf5 Qxf5 29. Rxf5 Rae6 30. Bf4 g6 31. Rxc5 a4 32. Ra5 Kg7 33. Rxa4 Rd8 34. b4 Rd2 35. b5 Rd7 36. c5 Rb7 37. b6 Kf6 38. Ra7 Rxa7 39. bxa7 Ra6 40. Rb6+ Rxb6 41. cxb6 1-0

[Event "SVK-ch U12"]
[Site "Tatralandia"]
[Date "2015.04.20"]
[Round "3"]
[White "Pogadl, Jakub"]
[Black "Ganz, Marek"]
[Result "1-0"]
[WhiteElo "1460"]
[BlackElo "1171"]
[PlyCount "77"]
[EventDate "2015.04.18"]
[EventType "swiss"]
[EventRounds "9"]
[EventCountry "SVK"]
[SourceTitle "CBM 166 Extra"]
[Source "ChessBase"]
[SourceDate "2015.06.18"]
[SourceVersion "1"]
[SourceVersionDate "2015.06.18"]
[SourceQuality "1"]

1. e4 e5 2. Nf3 Nc6 3. Nc3 Nf6 4. d4 exd4 5. Nd5 Nxe4 6. Qe2 f5 7. Ng5 Be7 8. Nxe4 fxe4 9. Qxe4 d6 10. Bg5 Bd7 11. Bb5 h6 12. Qg6+ Kf8 13. Bxc6 Bxg5 14. Bxd7 Qxd7 15. 0-0 c6 16. f4 Bd8 17. Nb4 Bf6 18. Rae1 Re8 19. Nd3 Qf7 20. Qf5 g6 21. Qh3 Kg7 22. Nf2 Rxe1 23. Rxe1 Re8 24. Rxe8 Qxe8 25. Kf1 h5 26. f5 g5 27. Qa3 Qb8 28. Ne4 Be7 29. Qf3 Qf8 30. Ke2 d5 31. Ng3 h4 32. Nh5+ Kh6 33. f6 Bd6 34. Ng7 Kh7 35. Qh5+ Kg8 36. Qxg5 Bxh2 37. Ne6+ Kf7 38. Nxf8 Kxf8 39. Qg7+ 1-0

[Event "SVK-ch U12"]
[Site "Stara Lubovna"]
[Date "2014.04.12"]
[Round "9"]
[White "Kardis, Benjamin"]
[Black "Pogadl, Jakub"]
[Result "1/2-1/2"]
[WhiteElo "1523"]
[BlackElo "1201"]
[PlyCount "32"]
[EventDate "2014.04.05"]
[EventType "swiss"]
[EventRounds "9"]
[EventCountry "SVK"]
[SourceTitle "EXT 2016"]
[Source "ChessBase"]
[SourceDate "2015.10.08"]
[SourceVersion "1"]
[SourceVersionDate "2015.10.08"]
[SourceQuality "1"]

1. f4 Nf6 2. Nf3 g6 3. b3 Bg7 4. Bb2 0-0 5. e3 c5 6. Be2 Nc6 7. 0-0 d6 8. d3 Bg4 9. Qe1 Qd7 10. Nbd2 Rfe8 11. h3 Bxf3 12. Nxf3 Rad8 13. e4 e5 14. fxe5 dxe5 15. Rd1 b6 16. Qf2 Qd6 1/2-1/2

[Event "SVK-ch U12"]
[Site "Stara Lubovna"]
[Date "2014.04.10"]
[Round "7"]
[White "Pogadl, Jakub"]
[Black "Sandor, Martin"]
[Result "1/2-1/2"]
[WhiteElo "1201"]
[BlackElo "1594"]
[PlyCount "59"]
[EventDate "2014.04.05"]
[EventType "swiss"]
[EventRounds "9"]
[EventCountry "SVK"]
[SourceTitle "EXT 2016"]
[Source "ChessBase"]
[SourceDate "2015.10.08"]
[SourceVersion "1"]
[SourceVersionDate "2015.10.08"]
[SourceQuality "1"]

1. e4 e5 2. Nf3 Nc6 3. Nc3 Nf6 4. Bb5 Bb4 5. 0-0 0-0 6. d3 d6 7. Bg5 Bxc3 8. bxc3 Qe7 9. Re1 Nd8 10. d4 c5 11. d5 a6 12. Bd3 h6 13. Be3 Nh7 14. Rb1 b5 15. c4 b4 16. Qd2 f5 17. exf5 e4 18. Bf4 Bxf5 19. Qe3 Nf6 20. Nd2 Nf7 21. Bxe4 Nxe4 22. Nxe4 Bxe4 23. Qxe4 Qxe4 24. Rxe4 Rfe8 25. Rbe1 Kf8 26. Rxe8+ Rxe8 27. Rxe8+ Kxe8 28. Kf1 Ke7 29. Ke2 Kf6 30. Kf3 1/2-1/2

[Event "SVK-ch U12"]
[Site "Stara Lubovna"]
[Date "2014.04.07"]
[Round "3"]
[White "Pogadl, Jakub"]
[Black "Bango, Lukas"]
[Result "0-1"]
[WhiteElo "1201"]
[BlackElo "1838"]
[PlyCount "114"]
[EventDate "2014.04.05"]
[EventType "swiss"]
[EventRounds "9"]
[EventCountry "SVK"]
[SourceTitle "EXT 2016"]
[Source "ChessBase"]
[SourceDate "2015.10.08"]
[SourceVersion "1"]
[SourceVersionDate "2015.10.08"]
[SourceQuality "1"]

1. e4 d6 2. d4 Nf6 3. Nc3 g6 4. Bc4 Bg7 5. Qe2 0-0 6. e5 dxe5 7. dxe5 Nfd7 8. Nf3 Nc6 9. Bf4 Nb6 10. Rd1 Qe8 11. Bb3 Na5 12. Nb5 Qc6 13. 0-0 Nxb3 14. axb3 a6 15. Nc3 Bg4 16. h3 Bxf3 17. Qxf3 Qxf3 18. gxf3 e6 19. Rd3 h6 20. h4 Kh7 21. Kh2 g5 22. hxg5 hxg5 23. Bxg5 Bxe5+ 24. Kh3 Kg6 25. Rg1 Rh8+ 26. Bh4+ Kh6 27. Bg5+ Kg7+ 28. Bh4+ Kf8 29. Re3 Bd4 30. Re2 Bf6 31. Rg4 Ke7 32. Ne4 Bxh4 33. Rxh4 Nd5 34. Rxh8 Rxh8+ 35. Kg3 Rg8+ 36. Kh2 b6 37. Ng3 Rd8 38. Rd2 Nb4 39. Re2 Rd1 40. Nf5+ Kf6 41. Ne3 Rb1 42. c3 Nd3 43. Nc4 b5 44. Rc2 bxc4 45. bxc4 Rxb2 46. Rxb2 Nxb2 47. Kg3 Nxc4 48. Kf4 a5 49. Ke4 a4 50. Kd3 a3 51. Kxc4 a2 52. Kb3 a1Q 53. Kc4 Ke5 54. Kc5 Qxc3+ 55. Kb5 Kd5 56. Ka4 Kc4 57. f4 Qb4# 0-1